| 000 | 00777nam a22002177a 4500 | ||
|---|---|---|---|
| 999 |
_c2231 _d2231 |
||
| 003 | AR-CdUCM | ||
| 008 | 190304b ||||| |||| 00| 0 spa d | ||
| 040 |
_aMUNICIPALIDAD PROVINCIAL DEL CUSCO _cBIBLIOTECA MUNICIPAL DEL CUSCO |
||
| 082 |
_a909.82 / _bC72 |
||
| 100 |
_aD.Cockcroft, James _98033 |
||
| 245 | _aDaniel Ortega / | ||
| 260 |
_aArgentina : _bHyspamérica , _c1991. |
||
| 300 |
_a110 páginas. _c24.3 cm. |
||
| 440 |
_aLos Grandes Lideres del Siglo XX _97704 |
||
| 505 | _aContenido: Cultura Nicarahüense -- El largo brazo de los yanquis -- ¿Gobernar desde el Llano? -- Los Sandinistas en el Poder --Hijos de Sandino... | ||
| 650 |
_aNicarágua _92871 |
||
| 650 |
_aAnti Capitalismo _98034 |
||
| 650 |
_aSandinismo _98035 |
||
| 942 |
_2ddc _cLIBROS |
||
| 945 | _artm | ||